000
00323nam a22001337a 4500
003
SGT
082
_a
346.540160954,BHA
100
_a
BHAT,A
245
_a
CHILD MARRIAGES AND THE LAW IN INDIA
260
_a
NEW DELHI
_b
HUMAN RIGHTS LAW NETWORK
_c
2005
300
_a
259
650
_a
CONSTITUTION LAW OF INDIA
942
_2
ddc
_c
BK
999
_c
9687
_d
9687